Shake up of fire safety law (Record no. 70938)
[ view plain ]
| 000 -LEADER | |
|---|---|
| fixed length control field | 01008cam a2200205 4500 |
| 001 - CONTROL NUMBER | |
| control field | WB3830-07 |
| 008 - FIXED-LENGTH DATA ELEMENTS--GENERAL INFORMATION | |
| fixed length control field | 020813n2002 000 0 eng u |
| 035 ## - SYSTEM CONTROL NUMBER | |
| System control number | (Sirsi) u119316 |
| 245 ## - TITLE STATEMENT | |
| Title | Shake up of fire safety law |
| 260 ## - PUBLICATION, DISTRIBUTION, ETC. | |
| Date of publication, distribution, etc. | 2002 |
| 490 ## - SERIES STATEMENT | |
| Series statement | RICS News Service |
| Volume/sequential designation | 6 August 2002, (1) |
| 520 ## - SUMMARY, ETC. | |
| Summary, etc. | A single order will replace existing legislation to apply the risk assessment principles introduced by the Fire Precautions (Workplace) Regulations 1997. The consultation document has been published which will mean businesses will no longer have to obtain a fire certificate or to pay any of the associated administration fees. For the RICS News Release: http://www.rics.org/ricscms/bin/show?class=News&template=/includes/shownews.html&id=3366 |
| 590 ## - LOCAL NOTE (RLIN) | |
| Local note | WB |
| 650 ## - SUBJECT ADDED ENTRY--TOPICAL TERM | |
| Topical term or geographic name entry element | FIRE PRECAUTIONS (WORKPLACE) REGULATIONS 1997 |
| 650 ## - SUBJECT ADDED ENTRY--TOPICAL TERM | |
| Topical term or geographic name entry element | FIRE LEGISLATION |
| 650 ## - SUBJECT ADDED ENTRY--TOPICAL TERM | |
| Topical term or geographic name entry element | FIRE CERTIFICATE |
| 650 ## - SUBJECT ADDED ENTRY--TOPICAL TERM | |
| Topical term or geographic name entry element | MANAGEMENT-HEALTH AND SAFETY-FIRE SAFETY |
| 690 ## - LOCAL SUBJECT ADDED ENTRY--TOPICAL TERM (OCLC, RLIN) | |
| Topical term or geographic name as entry element | MANAGEMENT-HEALTH AND SAFETY |
| 942 ## - ADDED ENTRY ELEMENTS (KOHA) | |
| Suppress in OPAC | 0 |
| Withdrawn status | Lost status | Source of classification or shelving scheme | Damaged status | Not for loan | Home library | Current library | Shelving location | Date acquired | Total Checkouts | Full call number | Barcode | Date last seen | Copy number | Price effective from | Koha item type |
|---|---|---|---|---|---|---|---|---|---|---|---|---|---|---|---|
| Dewey Decimal Classification | London | London | News article | 13/08/2002 | WB3830-07 | 119316-1001 | 06/08/2019 | 1 | 06/08/2019 | News article |